[Event "42. Torneo Internacional de La Roda"]
[Site "La Roda ESP"]
[Date "2015.04.05"]
[Round "8.20"]
[White "Nicolas Zapata, Irene"]
[Black "Perez Mitjans, Orelvis"]
[Result "0-1"]
[WhiteElo "2186"]
[BlackElo "2463"]
[PlyCount "62"]
[EventDate "2015.04.01"]
[EventType "swiss"]
[EventRounds "9"]
[EventCountry "ESP"]
[Source "lmi"]
[SourceDate "2015.04.01"]

1. Nf3 Nc6 2. d4 d5 3. Nbd2 Bf5 4. a3 e6 5. e3 Nf6 6. Be2 Be7 7. O-O h6 8. c4
a5 9. Nh4 Bh7 10. f4 O-O 11. Nhf3 Ne4 12. Nxe4 dxe4 13. Ne5 Nxe5 14. fxe5 c6
15. Bd2 c5 16. Bc3 Bg5 17. d5 Bxe3+ 18. Kh1 Qg5 19. Bg4 exd5 20. e6 d4 21.
exf7+ Kh8 22. Be1 Qe7 23. Bh5 g6 24. Bg3 Rxf7 25. Qg4 Raf8 26. Rxf7 Qxf7 27. h3
Qe8 28. Bxg6 Bxg6 29. Re1 Bf2 30. Bxf2 Rxf2 31. Qh4 Qf8 0-1

[Event "42. Torneo Internacional de La Roda"]
[Site "La Roda ESP"]
[Date "2015.04.05"]
[Round "9.2"]
[White "Granda Zuniga, Julio E"]
[Black "Adla, Diego"]
[Result "1-0"]
[WhiteElo "2649"]
[BlackElo "2451"]
[PlyCount "77"]
[EventDate "2015.04.01"]
[EventType "swiss"]
[EventRounds "9"]
[EventCountry "ESP"]
[Source "lmi"]
[SourceDate "2015.04.01"]

1. c4 e6 2. g3 d5 3. Bg2 Nf6 4. Nf3 dxc4 5. Qa4+ c6 6. Qxc4 b5 7. Qb3 Bb7 8.
O-O Nbd7 9. d4 a6 10. a4 c5 11. axb5 Bd5 12. Qc2 Be4 13. Qd1 axb5 14. Rxa8 Qxa8
15. Na3 b4 16. Nc4 Qa6 17. b3 cxd4 18. Bb2 Bc5 19. Nxd4 Bxg2 20. Kxg2 O-O 21.
Qd3 Qb7+ 22. Qf3 Nd5 23. Rd1 N7f6 24. Rd3 Qa8 25. Nc2 Nd7 26. N4e3 Nxe3+ 27.
Nxe3 Nb6 28. Bd4 Qc8 29. Qg4 g6 30. Qe4 Nd7 31. Ng4 h5 32. Bxc5 Nxc5 33. Nf6+
Kg7 34. Qd4 e5 35. Qxe5 Nxd3 36. Ne8+ Kh6 37. Qg7+ Kg5 38. h4+ Kg4 39. f3+ 1-0

[Event "42. Torneo Internacional de La Roda"]
[Site "La Roda ESP"]
[Date "2015.04.05"]
[Round "9.3"]
[White "Forcen Esteban, Daniel"]
[Black "Kovchan, Alexander"]
[Result "1/2-1/2"]
[WhiteElo "2519"]
[BlackElo "2581"]
[PlyCount "20"]
[EventDate "2015.04.01"]
[EventType "swiss"]
[EventRounds "9"]
[EventCountry "ESP"]
[Source "lmi"]
[SourceDate "2015.04.01"]

1. d4 Nf6 2. Nf3 g6 3. c4 Bg7 4. Nc3 d5 5. h4 c6 6. Bg5 h6 7. Bf4 Qb6 8. c5 Qd8
9. e3 O-O 10. Be2 Bg4 1/2-1/2

[Event "42. Torneo Internacional de La Roda"]
[Site "La Roda ESP"]
[Date "2015.04.05"]
[Round "9.4"]
[White "Peralta, Fernando"]
[Black "Perez Candelario, Manuel"]
[Result "1/2-1/2"]
[WhiteElo "2569"]
[BlackElo "2566"]
[PlyCount "33"]
[EventDate "2015.04.01"]
[EventType "swiss"]
[EventRounds "9"]
[EventCountry "ESP"]
[Source "lmi"]
[SourceDate "2015.04.01"]

1. d4 d6 2. Nf3 g6 3. c4 Bg7 4. Nc3 Nf6 5. e4 O-O 6. h3 e5 7. d5 Nh5 8. g3 Na6
9. Nd2 Bh6 10. Be2 Ng7 11. h4 f5 12. h5 gxh5 13. Bxh5 f4 14. g4 f3 15. Nf1 Bxc1
16. Qxc1 Rf4 17. Qe3 1/2-1/2

[Event "42. Torneo Internacional de La Roda"]
[Site "La Roda ESP"]
[Date "2015.04.05"]
[Round "9.5"]
[White "Maier, Christian"]
[Black "Strikovic, Aleksa"]
[Result "0-1"]
[WhiteElo "2380"]
[BlackElo "2522"]
[PlyCount "84"]
[EventDate "2015.04.01"]
[EventType "swiss"]
[EventRounds "9"]
[EventCountry "ESP"]
[Source "lmi"]
[SourceDate "2015.04.01"]

1. e4 c5 2. Nf3 e6 3. d3 Nc6 4. Nbd2 d5 5. g3 Bd6 6. Bg2 Nge7 7. O-O O-O 8. Re1
f6 9. exd5 exd5 10. d4 c4 11. Nf1 b5 12. Ne3 Bc7 13. c3 b4 14. Nh4 g5 15. Nf3
Rb8 16. h3 Qd6 17. Qe2 bxc3 18. bxc3 Ba5 19. Qc2 Be6 20. a4 Rb3 21. Bd2 Bf7 22.
g4 Bg6 23. Nf5 Qd7 24. Nxe7+ Nxe7 25. Qc1 Nc8 26. Nh2 Qf7 27. Ra3 Nd6 28. Rxb3
cxb3 29. Qa3 Nc4 30. Qc5 Rd8 31. Bc1 Bxc3 32. Re7 Bxd4 33. Qc7 Qf8 34. Rd7 Rxd7
35. Qxd7 Kh8 36. Qxd5 Qc5 37. Qa8+ Kg7 38. Qb7+ Bf7 39. Qxb3 Bxf2+ 40. Kh1 Ne3
41. Qb2 Nxg2 42. Kxg2 Bd4 0-1

[Event "42. Torneo Internacional de La Roda"]
[Site "La Roda ESP"]
[Date "2015.04.05"]
[Round "9.6"]
[White "Moreno Ruiz, Javier"]
[Black "Suba, Mihai"]
[Result "1-0"]
[WhiteElo "2461"]
[BlackElo "2332"]
[PlyCount "51"]
[EventDate "2015.04.01"]
[EventType "swiss"]
[EventRounds "9"]
[EventCountry "ESP"]
[Source "lmi"]
[SourceDate "2015.04.01"]

1. d4 Nf6 2. c4 e6 3. Nf3 b6 4. e3 Bb7 5. Bd3 c5 6. O-O cxd4 7. exd4 Be7 8. Nc3
O-O 9. d5 h6 10. Nd4 Bc5 11. Bc2 Re8 12. a3 exd5 13. cxd5 Na6 14. Nf5 Bf8 15.
Qf3 Nc7 16. Qg3 Kh8 17. d6 Ncd5 18. Bd2 Rc8 19. Rfe1 Re6 20. Bb3 Rc5 21. Qh3
Nh7 22. Ne4 Rxe4 23. Rxe4 Ng5 24. Qh4 Nf6 25. Bxg5 Bxe4 26. Nxh6 1-0

[Event "42. Torneo Internacional de La Roda"]
[Site "La Roda ESP"]
[Date "2015.04.05"]
[Round "9.7"]
[White "Cabezas Ayala, Ivan"]
[Black "Cifuentes Parada, Roberto"]
[Result "1/2-1/2"]
[WhiteElo "2342"]
[BlackElo "2461"]
[PlyCount "75"]
[EventDate "2015.04.01"]
[EventType "swiss"]
[EventRounds "9"]
[EventCountry "ESP"]
[Source "lmi"]
[SourceDate "2015.04.01"]

1. e4 d6 2. d4 Nf6 3. Nc3 Nbd7 4. Nf3 e5 5. Bc4 Be7 6. O-O O-O 7. Re1 a6 8. a4
b6 9. b3 c6 10. Bb2 Bb7 11. Bf1 Re8 12. g3 Bf8 13. Bg2 Qc7 14. Qd2 Rad8 15.
Rad1 b5 16. axb5 axb5 17. Qc1 g6 18. Nb1 c5 19. dxe5 dxe5 20. Nc3 b4 21. Nd5
Nxd5 22. exd5 Bg7 23. c3 bxc3 24. Bxc3 Nb6 25. Ba5 Bxd5 26. Rxd5 Rxd5 27. Nd2
Rxd2 28. Qxd2 Qa7 29. h4 h5 30. Bc3 Qb8 31. Qb2 c4 32. bxc4 Nxc4 33. Qxb8 Rxb8
34. Bd5 Nd6 35. Ra1 e4 36. Ra6 Bxc3 37. Rxd6 Kf8 38. Bxe4 1/2-1/2

[Event "42. Torneo Internacional de La Roda"]
[Site "La Roda ESP"]
[Date "2015.04.05"]
[Round "9.8"]
[White "Paunovic, Dragan"]
[Black "Tejedor Fuente, Enrique"]
[Result "1-0"]
[WhiteElo "2442"]
[BlackElo "2328"]
[PlyCount "108"]
[EventDate "2015.04.01"]
[EventType "swiss"]
[EventRounds "9"]
[EventCountry "ESP"]
[Source "lmi"]
[SourceDate "2015.04.01"]

1. c4 c5 2. g3 Nc6 3. Bg2 Nf6 4. Nf3 d6 5. Nc3 g6 6. O-O Bg7 7. d4 cxd4 8. Nxd4
Bd7 9. c5 dxc5 10. Nxc6 Bxc6 11. Bxc6+ bxc6 12. Be3 Nd5 13. Bxc5 Nxc3 14. bxc3
Bxc3 15. Qxd8+ Rxd8 16. Rab1 Bf6 17. Bxa7 Rd2 18. Rfd1 Rxd1+ 19. Rxd1 O-O 20.
Bb6 e6 21. a4 Ra8 22. a5 c5 23. Rc1 Be7 24. Kg2 Kf8 25. Kf3 Ke8 26. Ke4 Kd7 27.
Kd3 Kc6 28. Kc4 h5 29. Rb1 Rb8 30. Rb3 Bd6 31. h4 Be7 32. Rf3 Rf8 33. e4 f6 34.
Rb3 Ra8 35. f3 Bd6 36. g4 Bg3 37. gxh5 gxh5 38. Rb5 Bxh4 39. Rxc5+ Kd6 40. Rxh5
Be1 41. Kb5 Rb8 42. Rc5 Bxa5 43. Kxa5 Rh8 44. Kb5 Rh3 45. Bc7+ Kd7 46. Rc3 e5
47. Bb8 Ke6 48. Kc4 Rh7 49. Rb3 Rh3 50. f4 Rh4 51. f5+ Ke7 52. Kd5 Kd7 53. Bd6
Rh1 54. Rb7+ Kc8 1-0

[Event "42. Torneo Internacional de La Roda"]
[Site "La Roda ESP"]
[Date "2015.04.05"]
[Round "9.9"]
[White "Suarez Gomez, Julio"]
[Black "Valmana Canto, Jaime"]
[Result "1-0"]
[WhiteElo "2358"]
[BlackElo "2425"]
[PlyCount "93"]
[EventDate "2015.04.01"]
[EventType "swiss"]
[EventRounds "9"]
[EventCountry "ESP"]
[Source "lmi"]
[SourceDate "2015.04.01"]

1. e4 c6 2. Nc3 d5 3. Nf3 Nf6 4. e5 Ne4 5. Ne2 Qb6 6. d4 e6 7. Ng3 c5 8. Bd3
cxd4 9. Nxe4 dxe4 10. Bxe4 Nc6 11. O-O Bc5 12. a3 a5 13. Qe2 Bd7 14. Rd1 Ne7
15. Bg5 h6 16. Bd2 a4 17. Ne1 Bc6 18. Nd3 Bxe4 19. Qxe4 Nc6 20. Nxc5 Qxc5 21.
Bb4 Qxe5 22. Qxe5 Nxe5 23. Rxd4 Nc6 24. Rg4 g5 25. Rd1 b5 26. Bc5 f5 27. Rg3
Kf7 28. Rd7+ Kf6 29. Rgd3 Rhc8 30. h3 Rab8 31. c3 f4 32. g4 Re8 33. f3 Kg6 34.
Bd4 h5 35. Rd6 Na5 36. Rd7 Nc4 37. h4 e5 38. gxh5+ Kxh5 39. Bf2 g4 40. Kg2 g3
41. Ba7 Rbc8 42. Rh7+ Kg6 43. Rdd7 Nxb2 44. Kh3 Nc4 45. Rdf7 Rg8 46. Kg4 Ne3+
47. Bxe3 1-0

[Event "42. Torneo Internacional de La Roda"]
[Site "La Roda ESP"]
[Date "2015.04.05"]
[Round "9.10"]
[White "Alshameary Puente, Ismael"]
[Black "Granero Roca, Antonio"]
[Result "1-0"]
[WhiteElo "2251"]
[BlackElo "2413"]
[PlyCount "89"]
[EventDate "2015.04.01"]
[EventType "swiss"]
[EventRounds "9"]
[EventCountry "ESP"]
[Source "lmi"]
[SourceDate "2015.04.01"]

1. d4 Nf6 2. c4 g6 3. Nf3 Bg7 4. g3 O-O 5. Bg2 c5 6. Nc3 cxd4 7. Nxd4 d6 8. O-O
Qb6 9. Nc2 Nc6 10. h3 Bd7 11. Rb1 Rac8 12. e4 a6 13. b3 Rfe8 14. Bd2 Be6 15. a4
a5 16. Be3 Qd8 17. Nb5 Nd7 18. f4 Nc5 19. Qf3 Nxe4 20. g4 f5 21. Rbd1 Bf7 22.
Ncd4 Nxd4 23. Bxd4 Bxd4+ 24. Rxd4 Qb6 25. Qe3 Nf6 26. gxf5 gxf5 27. Kh2 d5 28.
cxd5 Rc2 29. Rf2 Rxf2 30. Qxf2 Rc8 31. Qe2 Re8 32. Qe5 Nh5 33. Qxf5 Ng7 34. Qe5
Qh6 35. Rc4 b6 36. Nc7 Rd8 37. Qxe7 Rf8 38. Qe5 Bg6 39. Ne6 Re8 40. Rc7 Nf5 41.
d6 Bf7 42. Rxf7 Rxe6 43. Qxf5 Rxd6 44. Rc7 Rf6 45. Qg5+ 1-0

[Event "42. Torneo Internacional de La Roda"]
[Site "La Roda ESP"]
[Date "2015.04.05"]
[Round "9.11"]
[White "Perez Mitjans, Orelvis"]
[Black "Jimenez Martinez, Jose Vicente"]
[Result "0-1"]
[WhiteElo "2463"]
[BlackElo "2301"]
[PlyCount "138"]
[EventDate "2015.04.01"]
[EventType "swiss"]
[EventRounds "9"]
[EventCountry "ESP"]
[Source "lmi"]
[SourceDate "2015.04.01"]

1. e4 d6 2. d4 g6 3. Nc3 Bg7 4. Nf3 Nf6 5. Be2 O-O 6. O-O c6 7. Bg5 Nbd7 8. a4
Qc7 9. Qd2 e5 10. Rfd1 Re8 11. d5 cxd5 12. Nxd5 Nxd5 13. Qxd5 Nc5 14. Qc4 Be6
15. Qc3 Rac8 16. Qe3 f5 17. exf5 gxf5 18. Bh4 h6 19. c4 f4 20. Qa3 a5 21. Rac1
Kh8 22. Bf1 Rf8 23. Rc2 Rf7 24. Rcd2 Rd7 25. Re1 Qc6 26. g3 Rf8 27. Bg2 Qxa4
28. Qxa4 Nxa4 29. gxf4 Rxf4 30. Bg3 Rff7 31. Ra1 Nb6 32. c5 Nc4 33. Rc2 dxc5
34. Nh4 b6 35. Re1 Rd4 36. b3 Rd2 37. Rxc4 Bxc4 38. bxc4 Rfd7 39. Bf3 R7d4 40.
Ng6+ Kh7 41. Nxe5 Bxe5 42. Rxe5 Rxc4 43. Re7+ Kg8 44. Rb7 Rb4 45. Bh5 Kf8 46.
Be5 Re4 47. Bg7+ Kg8 48. Bxh6 Rd8 49. Bg5 a4 50. h4 c4 51. Bf7+ Kf8 52. f3 Re5
53. Bxc4 a3 54. Kf2 b5 55. Bb3 Rd3 56. Bh6+ Ke8 57. Bf7+ Kd8 58. Bg7 Rf5 59.
Bh8 Rdxf3+ 60. Ke2 Rxf7 61. Rxb5 a2 62. Ra5 Rh3 63. h5 Kc8 64. Bd4 Rf4 65. Bg7
Rg4 66. h6 Rg2+ 67. Kf1 Rc2 68. Kg1 Rg3+ 69. Kf1 Rb3 0-1

[Event "42. Torneo Internacional de La Roda"]
[Site "La Roda ESP"]
[Date "2015.04.05"]
[Round "9.12"]
[White "Morais, Vitor"]
[Black "Smirnov, Artem"]
[Result "0-1"]
[WhiteElo "1996"]
[BlackElo "2456"]
[PlyCount "32"]
[EventDate "2015.04.01"]
[EventType "swiss"]
[EventRounds "9"]
[EventCountry "ESP"]
[Source "lmi"]
[SourceDate "2015.04.01"]

1. c4 Nf6 2. Nc3 e5 3. g3 Bb4 4. Qc2 O-O 5. Bg2 Re8 6. e3 Bxc3 7. Qxc3 Nc6 8.
d3 d5 9. Nf3 d4 10. Qc2 dxe3 11. Bxe3 Nd4 12. Qc3 Bf5 13. O-O-O Rb8 14. Bxd4
exd4 15. Qc2 b5 16. cxb5 Rxb5 0-1

[Event "42. Torneo Internacional de La Roda"]
[Site "La Roda ESP"]
[Date "2015.04.05"]
[Round "9.13"]
[White "Martinez Lopez, David"]
[Black "Campora, Daniel H"]
[Result "0-1"]
[WhiteElo "2290"]
[BlackElo "2450"]
[PlyCount "86"]
[EventDate "2015.04.01"]
[EventType "swiss"]
[EventRounds "9"]
[EventCountry "ESP"]
[Source "lmi"]
[SourceDate "2015.04.01"]

1. e4 c6 2. c4 d5 3. exd5 cxd5 4. cxd5 Nf6 5. Nc3 g6 6. Bc4 Bg7 7. Nf3 O-O 8.
O-O Nbd7 9. d3 Nb6 10. Qb3 Bg4 11. Ne5 Bf5 12. Re1 Ne8 13. Bf4 Nd6 14. Rac1 Rc8
15. Nb5 g5 16. Bg3 a6 17. Nd4 Bg6 18. h4 gxh4 19. Bxh4 Re8 20. Bg3 Nd7 21. Nxg6
hxg6 22. Ne6 fxe6 23. Bxd6 b5 24. dxe6 Nf6 25. Bg3 bxc4 26. dxc4 Rc5 27. Qc2
Rf5 28. Re5 Qd4 29. Rd1 Rxf2 30. Qxf2 Qxd1+ 31. Re1 Qd3 32. c5 Rf8 33. Qf3 Qc4
34. Qc3 Qxc3 35. bxc3 Rc8 36. Bf2 Nd5 37. c4 Nb4 38. Rd1 Bf6 39. a3 Nc6 40. Rd7
Ne5 41. Ra7 Rc6 42. Bg3 Nxc4 43. Kh2 Rxe6 0-1

[Event "42. Torneo Internacional de La Roda"]
[Site "La Roda ESP"]
[Date "2015.04.05"]
[Round "9.14"]
[White "Pilgaard, Kim"]
[Black "Santos, Antonio P"]
[Result "0-1"]
[WhiteElo "2386"]
[BlackElo "2286"]
[PlyCount "104"]
[EventDate "2015.04.01"]
[EventType "swiss"]
[EventRounds "9"]
[EventCountry "ESP"]
[Source "lmi"]
[SourceDate "2015.04.01"]

1. d4 d5 2. c4 e6 3. Nc3 c6 4. Nf3 dxc4 5. e3 b5 6. a4 Bb4 7. Bd2 a5 8. axb5
Bxc3 9. Bxc3 cxb5 10. b3 Bb7 11. bxc4 b4 12. Bb2 Nf6 13. c5 O-O 14. Bb5 Bc6 15.
Ba4 Bxa4 16. Qxa4 Qd5 17. O-O Nc6 18. Rfd1 Rfb8 19. Ne5 Ra6 20. f3 Ne7 21. e4
Qb7 22. Rdc1 Qb5 23. Nc4 Nd7 24. Nd6 Qxa4 25. Rxa4 f6 26. Nc4 Rba8 27. Nd2 Nb8
28. Nb3 Nbc6 29. Kf2 Kf7 30. Ke2 Ke8 31. Kd3 Rd8 32. Kc4 Ra7 33. Rca1 Rad7 34.
g3 g6 35. Rc1 f5 36. Rc2 Kf7 37. Rf2 Ke8 38. h4 Kf7 39. Nxa5 Nxd4 40. Rxb4 Ndc6
41. Nxc6 Nxc6 42. Rb6 Rc8 43. Bc3 h5 44. Rf1 Ke7 45. Rfb1 Rdc7 46. Rb7 Kd7 47.
Rd1+ Ke7 48. Rxc7+ Rxc7 49. Rd6 Nb8 50. Ba5 Rc6 51. Rd3 Nd7 52. Bb4 Ne5+ 0-1

[Event "42. Torneo Internacional de La Roda"]
[Site "La Roda ESP"]
[Date "2015.04.05"]
[Round "9.15"]
[White "Martin Duque, Jesus"]
[Black "Torres Sanchez, Jose"]
[Result "1-0"]
[WhiteElo "2377"]
[BlackElo "2262"]
[PlyCount "101"]
[EventDate "2015.04.01"]
[EventType "swiss"]
[EventRounds "9"]
[EventCountry "ESP"]
[Source "lmi"]
[SourceDate "2015.04.01"]

1. e4 Nf6 2. e5 Nd5 3. c4 Nb6 4. d4 d6 5. exd6 cxd6 6. Nc3 Nc6 7. Be3 g6 8. Rc1
Bg7 9. b3 O-O 10. d5 Ne5 11. Be2 f5 12. f4 Ng4 13. Bd4 Bh6 14. Qd2 e5 15. dxe6
Bxe6 16. Nf3 Nd7 17. O-O Nc5 18. g3 Re8 19. Bd3 Rc8 20. Rce1 a6 21. Re2 Ne5 22.
Bb1 Bf7 23. Bxe5 dxe5 24. Qxd8 Rexd8 25. Nxe5 Bf8 26. Nxf7 Kxf7 27. g4 fxg4 28.
f5 g5 29. Nd5 Re8 30. Rfe1 Rxe2 31. Rxe2 Nd7 32. Kg2 Rc6 33. Be4 Nc5 34. b4
Nxe4 35. Rxe4 h5 36. c5 a5 37. a3 Rc8 38. Re2 Rd8 39. Rd2 axb4 40. axb4 Be7 41.
Kf2 Bf6 42. Ke3 Ra8 43. Ke4 Re8+ 44. Kd3 Re1 45. b5 Be7 46. c6 bxc6 47. bxc6
Rc1 48. Re2 Bd6 49. c7 h4 50. f6 Rxc7 51. Nxc7 1-0

[Event "42. Torneo Internacional de La Roda"]
[Site "La Roda ESP"]
[Date "2015.04.05"]
[Round "9.16"]
[White "Ramiro Ovejero, Juan Luis"]
[Black "Cano Gimenez, Vicente"]
[Result "1/2-1/2"]
[WhiteElo "2345"]
[BlackElo "2243"]
[PlyCount "74"]
[EventDate "2015.04.01"]
[EventType "swiss"]
[EventRounds "9"]
[EventCountry "ESP"]
[Source "lmi"]
[SourceDate "2015.04.01"]

1. e4 c5 2. Nf3 g6 3. c3 Bg7 4. d4 cxd4 5. cxd4 d5 6. e5 Bg4 7. Bb5+ Nc6 8.
Bxc6+ bxc6 9. Nbd2 Qb6 10. O-O Nh6 11. h3 Bxf3 12. Nxf3 O-O 13. Bf4 f6 14. Qd2
Nf7 15. Rfe1 a5 16. Rac1 fxe5 17. Nxe5 Nxe5 18. Bxe5 Bxe5 19. Rxe5 Ra7 20. h4
Rf6 21. Rce1 Qb4 22. R1e2 Qxd2 23. Rxd2 Rb7 24. g3 Kf7 25. f4 Re6 26. Kf2 Rxe5
27. fxe5 Rb4 28. Ke3 Ke6 29. Rc2 Kd7 30. Kd3 Rb8 31. Rf2 Ke6 32. b3 Ra8 33. a3
Rc8 34. Rc2 Kd7 35. Rf2 Ke6 36. Rc2 Kd7 37. Rf2 Ke6 1/2-1/2

[Event "42. Torneo Internacional de La Roda"]
[Site "La Roda ESP"]
[Date "2015.04.05"]
[Round "9.17"]
[White "Gomez Jurado, Luis Alberto"]
[Black "Sanchez Jerez, Emilio Miguel"]
[Result "1-0"]
[WhiteElo "2321"]
[BlackElo "2231"]
[PlyCount "76"]
[EventDate "2015.04.01"]
[EventType "swiss"]
[EventRounds "9"]
[EventCountry "ESP"]
[Source "lmi"]
[SourceDate "2015.04.01"]

1. c4 Nf6 2. g3 g6 3. Bg2 Bg7 4. Nc3 O-O 5. e4 d6 6. Nge2 Nc6 7. O-O e5 8. h3
Be6 9. Nd5 Nd7 10. d3 a5 11. Be3 Nc5 12. Qd2 Nd4 13. f4 c6 14. Ndc3 Qd7 15. Kh2
f5 16. exf5 Bxf5 17. Bxd4 exd4 18. Ne4 Rae8 19. Nxc5 dxc5 20. g4 Be6 21. Ng3
Qc7 22. Rac1 Bh6 23. g5 Bg7 24. Ne4 b6 25. Kh1 Bd7 26. Qf2 Rf7 27. Qg3 Ref8 28.
Rf2 Bf5 29. Rcf1 a4 30. Nd2 a3 31. b3 Re7 32. Be4 Rfe8 33. h4 b5 34. h5 bxc4
35. bxc4 Rb8 36. h6 Bf8 37. Bxf5 gxf5 38. g6 Bxh6 1-0

[Event "42. Torneo Internacional de La Roda"]
[Site "La Roda ESP"]
[Date "2015.04.05"]
[Round "9.18"]
[White "Santos Ruiz, Miguel"]
[Black "Barrenechea Bahamonde, Gustavo"]
[Result "1-0"]
[WhiteElo "2315"]
[BlackElo "2215"]
[PlyCount "55"]
[EventDate "2015.04.01"]
[EventType "swiss"]
[EventRounds "9"]
[EventCountry "ESP"]
[Source "lmi"]
[SourceDate "2015.04.01"]

1. e4 c5 2. Nf3 g6 3. Bc4 Bg7 4. c3 e6 5. d4 cxd4 6. Nxd4 Ne7 7. Bg5 h6 8. Bh4
O-O 9. O-O b6 10. Nb5 Na6 11. Qd6 g5 12. Bg3 Bb7 13. f3 Rc8 14. N1a3 Rc6 15.
Qd2 d5 16. exd5 exd5 17. Bd3 Nc8 18. Bc2 f5 19. Rfe1 d4 20. Rad1 Nd6 21. Nxd4
Bxd4+ 22. Qxd4 f4 23. Nb5 fxg3 24. Nxd6 gxh2+ 25. Kh1 Rxd6 26. Qxd6 Qxd6 27.
Rxd6 Nc5 28. Kxh2 1-0

[Event "42. Torneo Internacional de La Roda"]
[Site "La Roda ESP"]
[Date "2015.04.05"]
[Round "9.19"]
[White "Bono Monreal, Alberto"]
[Black "Moya Albaladejo, Jose Antonio"]
[Result "1/2-1/2"]
[WhiteElo "1683"]
[BlackElo "1909"]
[PlyCount "62"]
[EventDate "2015.04.01"]
[EventType "swiss"]
[EventRounds "9"]
[EventCountry "ESP"]
[Source "lmi"]
[SourceDate "2015.04.01"]

1. e4 Nf6 2. e5 Nd5 3. d4 d6 4. c4 Nb6 5. exd6 exd6 6. Nc3 Nc6 7. h3 Be7 8. Nf3
O-O 9. Bd3 Bf6 10. O-O g6 11. Be3 d5 12. c5 Nc4 13. Bxc4 dxc4 14. Qa4 Be6 15.
Rac1 Ne7 16. Ne4 Bg7 17. Ne5 b5 18. Qxb5 Rb8 19. Qa4 Rxb2 20. Nxc4 Rb8 21. Ne5
Rb2 22. Nc4 Rb8 23. Ne5 Rb2 24. Qxa7 Rxa2 25. Qb7 Nd5 26. Ng5 Nxe3 27. Nxe6
fxe6 28. fxe3 Rxf1+ 29. Rxf1 Bxe5 30. dxe5 Qe7 31. Qf3 Ra5 1/2-1/2

[Event "42. Torneo Internacional de La Roda"]
[Site "La Roda ESP"]
[Date "2015.04.05"]
[Round "9.20"]
[White "Espejo Montagut, Jonathan"]
[Black "Lopez Mulet, Inigo"]
[Result "1/2-1/2"]
[WhiteElo "2140"]
[BlackElo "2356"]
[PlyCount "106"]
[EventDate "2015.04.01"]
[EventType "swiss"]
[EventRounds "9"]
[EventCountry "ESP"]
[Source "lmi"]
[SourceDate "2015.04.01"]

1. e4 c5 2. Nc3 e6 3. g3 g6 4. Bg2 Bg7 5. d3 Nc6 6. Be3 d6 7. Qd2 Rb8 8. f4 Nd4
9. Nd1 Ne7 10. c3 Ndc6 11. Nf3 b6 12. O-O d5 13. e5 Ba6 14. Bf2 O-O 15. b4 cxb4
16. cxb4 f6 17. exf6 Bxf6 18. Rb1 Bc8 19. b5 Na5 20. Ne3 a6 21. a4 axb5 22.
axb5 Bd7 23. Ng4 Bg7 24. Nge5 Nb7 25. Rfe1 Nd6 26. Nd4 Ndf5 27. Nc2 Nd6 28. Nd4
Ndf5 29. Ndf3 Nd6 30. Ng5 Bf6 31. Nxd7 Qxd7 32. Nxe6 Rfc8 33. Nd4 Ndf5 34. Nf3
Bc3 35. Ne5 Qd6 36. Qe2 Bxe1 37. Rxe1 Rc7 38. g4 Ng7 39. Qe3 Rc5 40. Nf3 Re8
41. Nd4 Nef5 42. Nxf5 gxf5 43. Qd4 Rxe1+ 44. Bxe1 Rxb5 45. Bc3 Qc5 46. Bxd5+
Kh8 47. Bc4 Rb1+ 48. Kf2 Rc1 49. Kg3 Rg1+ 50. Kf3 Rf1+ 51. Kg3 Rg1+ 52. Kf3
Rf1+ 53. Kg3 Rg1+ 1/2-1/2